The eleventh hour : a quintet of stories /

Bibliographic Details
Main Author: Rushdie, Salman
Format: Book
Language:English
Published: India : Random House India, 2025.
Subjects:
Classic Catalogue: View this record in Classic Catalogue
LEADER 01197nam a22002777a 4500
001 45397
003 BD-DhAAL
005 20260302140631.0
008 260302t2025 ii ||||| |||| 00| 0 eng d
020 |a 9780143476955 
040 |a BD-DhAAL  |c BD-DhAAL 
082 0 4 |a 823.914  |2 23 
100 |a Rushdie, Salman. 
245 1 4 |a The eleventh hour :  |b a quintet of stories /  |c Salman Rushdie. 
246 3 |a 11th hour 
260 |a India :  |b Random House India,  |c 2025. 
300 |a 253 pages ;  |c 24 cm 
541 1 |a Donated by Farhana Zahir (Assistant Professor, BBS, BRAC University)  |e 45397 
650 |a Death  |v Fiction. 
650 |a Mortality  |v Fiction.  |9 60339 
650 |a Identity (Psychology)  |v Fiction. 
655 |a Short stories. 
852 1 |a Ayesha Abed Library  |c General Stacks 
942 |2 ddc  |c BK 
999 |c 47739  |d 47739 
952 |0 0  |1 0  |2 ddc  |4 0  |6 823_914000000000000_RUS  |7 0  |9 78832  |a BRACUL  |b BRACUL  |c NEW  |d 2026-03-02  |e Donated by Farhana Zahir, Assistant Professor, BRAC Business School, BRAC University  |l 1  |m 2  |o 823.914 RUS  |p 3010045397  |q 2026-06-02  |r 2026-05-02  |s 2026-05-02  |t 1  |w 2026-03-02  |y BK  |x Donated by Farhana Zahir, Assistant Professor, BRAC Business School, BRAC University on 17 February 2026;MRP 899